Statistics for Random City to Country - Letter A

Click here to take the quiz!

General Stats

  • This quiz has been taken 98 times
  • The average score is 12 of 14

Answer Stats

A cityAnd the country% Correct
AberdeenUnited Kingdom
100%
AustinUnited States
100%
AdelaideAustralia
99%
AntwerpBelgium
97%
AhmedabadIndia
90%
AsuncionParaguay
88%
AarhusDenmark
88%
AccraGhana
88%
AachenGermany
86%
ÅlesundNorway
81%
AlmatyKazakhstan
77%
AlanyaTurkey
73%
AbidjanIvory Coast
67%
AkureyriIceland
44%

Score Distribution

Percentile by Number Answered

Percent of People with Each Score

Your Score History

You have not taken this quiz